[Event "Unterfranken-ch HT 55th"]
[Site "Bad Koenigshofen"]
[Date "2004.04.14"]
[Round "4"]
[White "Mueller, Niklas"]
[Black "Konrad, Gregor"]
[Result "0-1"]
[WhiteElo "1066"]
[BlackElo "1135"]
[PlyCount "128"]
[EventDate "2004.04.12"]
[EventType "swiss"]
[EventRounds "9"]
[EventCountry "GER"]
[SourceTitle "EXT 2015"]
[Source "ChessBase"]
[SourceDate "2014.11.20"]
[SourceVersion "1"]
[SourceVersionDate "2014.11.20"]
[SourceQuality "1"]

1. e4 e5 2. Nf3 Nc6 3. Bb5 a6 4. Ba4 Nf6 5. d3 Bc5 6. Bg5 h6 7. Bh4 d6 8. 0-0 g5 9. Bg3 Bd7 10. Nc3 Nd4 11. h3 Qe7 12. a3 0-0-0 13. b4 Ba7 14. Bb3 Nxb3 15. cxb3 Be6 16. Qc2 Qd7 17. Rac1 Nh5 18. Ne2 Nxg3 19. Nxg3 Rhf8 20. Nh5 f5 21. Qb2 f4 22. Rc3 Qh7 23. Qc2 Kb8 24. Rc1 Rc8 25. Rxc7 Rxc7 26. Qxc7+ Qxc7 27. Rxc7 Kxc7 28. Ng7 Bxb3 29. g3 fxg3 30. Kg2 gxf2 31. Nd2 Bc2 32. Ne6+ Kc6 33. Nxf8 Bxd3 34. Ne6 b5 35. Nd8+ Kc7 36. Ne6+ Kd7 37. Ng7 Be3 38. Nf1 Bxf1+ 39. Kxf1 Bc1 40. Kxf2 Bxa3 41. Nf5 Bxb4 42. Ne3 Kc6 43. Kg3 Kc5 44. Kg4 Kd4 45. Nc2+ Kc3 46. Nxb4 Kxb4 47. Kh5 a5 48. Kxh6 a4 49. Kxg5 a3 50. h4 a2 51. h5 a1Q 52. h6 Qg1+ 53. Kf6 Qh1 54. h7 Qxh7 55. Ke6 Qh6+ 56. Kd5 Ka4 57. Kc6 b4 58. Kd5 b3 59. Kc4 b2 60. Kc3 b1R 61. Kc2 Rb3 62. Kd1 Qh2 63. Kc1 Rg3 64. Kb1 Rg1# 0-1